How the west was lost / (Record no. 593130)

000 -LEADER
fixed length control field 01418cam a2200325 a 4500
001 - CONTROL NUMBER
control field 14615079
005 - DATE AND TIME OF LATEST TRANSACTION
control field 20230202140804.0
008 - FIXED-LENGTH DATA ELEMENTS--GENERAL INFORMATION
fixed length control field 061030s2006 enk 001 0 eng c
010 ## - LIBRARY OF CONGRESS CONTROL NUMBER
LC control number 2006298794
020 ## - INTERNATIONAL STANDARD BOOK NUMBER
International Standard Book Number 9781850439851
020 ## - INTERNATIONAL STANDARD BOOK NUMBER
International Standard Book Number 1850439850
035 ## - SYSTEM CONTROL NUMBER
System control number (OCoLC)ocm71212022
040 ## - CATALOGING SOURCE
Original cataloging agency ZCU
Transcribing agency ZCU
Modifying agency ZCU
-- BAKER
-- YDXCP
-- DLC
042 ## - AUTHENTICATION CODE
Authentication code pcc
050 00 - LIBRARY OF CONGRESS CALL NUMBER
Classification number CB428
Item number .B68 2006
082 ## - DEWEY DECIMAL CLASSIFICATION NUMBER
Classification number 951.06,BOO
100 1# - MAIN ENTRY--PERSONAL NAME
Personal name Boot, Alexander.
9 (RLIN) 108537
245 10 - TITLE STATEMENT
Title How the west was lost /
Statement of responsibility, etc. Alexander Boot ; with a foreword by Theodore Dalrymple.
260 ## - PUBLICATION, DISTRIBUTION, ETC.
Place of publication, distribution, etc. London ;
-- New York :
Name of publisher, distributor, etc. I.B. Tauris ;
Place of publication, distribution, etc. New York :
Name of publisher, distributor, etc. Distributed in the United States by St. Martin's Press,
Date of publication, distribution, etc. 2006.
300 ## - PHYSICAL DESCRIPTION
Extent xvi, 351 p. ;
Dimensions 24 cm.
505 ## - FORMATTED CONTENTS NOTE
Formatted contents note Part 1: Exposition (Page-1), Part 2: Development (Page-67), Part 3: Recapitulation (Page-145), Part 4: Coda (Page-287).
650 #0 - SUBJECT ADDED ENTRY--TOPICAL TERM
Topical term or geographic name entry element Civilization, Western
General subdivision Philosophy.
9 (RLIN) 108538
650 #0 - SUBJECT ADDED ENTRY--TOPICAL TERM
Topical term or geographic name entry element Civilization, Modern
General subdivision Philosophy.
9 (RLIN) 108539
651 #0 - SUBJECT ADDED ENTRY--GEOGRAPHIC NAME
Geographic name Culture
General subdivision Philosophy.
9 (RLIN) 108540
856 42 - ELECTRONIC LOCATION AND ACCESS
Materials specified Contributor biographical information
Uniform Resource Identifier <a href="http://www.loc.gov/catdir/enhancements/fy0703/2006298794-b.html">http://www.loc.gov/catdir/enhancements/fy0703/2006298794-b.html</a>
856 42 - ELECTRONIC LOCATION AND ACCESS
Materials specified Publisher description
Uniform Resource Identifier <a href="http://www.loc.gov/catdir/enhancements/fy0703/2006298794-d.html">http://www.loc.gov/catdir/enhancements/fy0703/2006298794-d.html</a>
856 41 - ELECTRONIC LOCATION AND ACCESS
Materials specified Table of contents only
Uniform Resource Identifier <a href="http://www.loc.gov/catdir/enhancements/fy0703/2006298794-t.html">http://www.loc.gov/catdir/enhancements/fy0703/2006298794-t.html</a>
906 ## - LOCAL DATA ELEMENT F, LDF (RLIN)
a 7
b cbc
c pccadap
d 2
e ncip
f 20
g y-gencatlg
942 ## - ADDED ENTRY ELEMENTS (KOHA)
Source of classification or shelving scheme
Koha item type Book
Holdings
Withdrawn status Lost status Source of classification or shelving scheme Damaged status Not for loan Permanent Location Current Location Shelving location Date acquired Total Checkouts Full call number Barcode Date last seen Price effective from Koha item type Public note
          Military College of Signals (MCS) Military College of Signals (MCS) General Stacks 02/02/2023   951.06,BOO MCS37584 02/02/2023 02/02/2023 Book Almirah No.61, Shelf No.1
© 2023 Central Library, National University of Sciences and Technology. All Rights Reserved.